Z popularity futbalu plynie aj zodpovednosť

Bibliographic Details
Main Author: Knecht, Karel (Author)
Format: Article
Language:Slovak
PhysicalDescription:Obr. 1.
Subjects:

MARC

LEADER 00000nab a2200000 a 4500
001 vtls000015570
003 SK-MaSNL
005 20260303021050.0
008 111103c1978 xo 0 slo
015 |a SNBRB19rr/mm-uuuuu 
035 |a CL0025664 
040 |a SNKBUCL  |b slo  |c SNKBUCL  |e AACR2 
041 0 |a slo 
044 |a xo  |c SK 
080 |a 796.3  |2 1981 
080 |a 796.061.2  |2 1981 
100 1 |a Knecht, Karel  |4 aut  |9 1001670 
245 1 0 |a Z popularity futbalu plynie aj zodpovednosť  |c Karel Knecht 
300 |b Obr. 1. 
650 0 7 |a futbal  |2 snkbucl  |9 3291 
650 0 7 |a Československý zväz telesnej výchovy  |2 snkbucl  |9 604908 
655 7 |a články z novín a časopisov  |2 snkbucl  |9 267496 
773 0 |t Tip  |g Roč. 10, č. 50 (13. 12. 1978), s. 3 
850 |a Slovenská národná knižnica v Martine  |a MTA001 
852 |a SNK  |b KIS3GCP 
958 |a RK 
992 |a RBX 
999 |c 1621221  |d 1623151